| 000 | 00587nam a2200229Ia 4500 | ||
|---|---|---|---|
| 003 | OSt | ||
| 005 | 20230325095509.0 | ||
| 008 | 210423s2007 xx 000 0 und d | ||
| 020 | _a195680251 | ||
| 040 | _cAL | ||
| 041 | _aeng | ||
| 082 |
_a339.3 _223 _bSIKS |
||
| 100 |
_aSIKDAR (Soumyen) _977768 |
||
| 245 | _aPrinciples of macroeconomics | ||
| 260 |
_aNew Delhi _bOxford University Press _c2007 |
||
| 300 |
_avii,181 _bPB |
||
| 365 |
_b250 _cINR |
||
| 650 |
_aEconomics _977769 |
||
| 650 |
_aMacroeconomics _977770 |
||
| 906 | _amacroeconomics ; Principles | ||
| 942 |
_2ddc _cBK |
||
| 999 |
_c155941 _d155941 |
||